00456nam a2200193Ia 4500008004100000020001800041050001400059100001900073245001900092245002200111260001500133260001600148260000900164300001600173300002000189300001000209300003500219500000800254170918s9999 xx 000 0 und d a9780531223550 bW636 2010 aMcCollum, Sean aJoseph Stalin. cby Sean McCollum. aNew York : bScholastic, c2010 a128 pages : billustrations ; c19cm. eA wicked history 20th century. a970